000 00698nam a2200265Ia 4500
008 170203s9999 xx 000 0 und d
020 _a1581850115
050 _a0 30
050 _bP473a 1998
100 _aPeschke, Hans-Peter von.
245 _aCastlesĀ /
245 _cby Hans-Peter von Peschke ; illustrated by Nikolay Smirnov.
260 _aNuremberg, Germany :
260 _bTessloff Pub.
260 _c1998
300 _a48 pages :
300 _bcolor illustrations ;
300 _c28 cm.
440 _aStart me up!
440 _vvol. 10
650 _aCastles --
650 _aCastles.
650 _xJuvenile literature.
700 _aSmirnov, Nikolay, Illustrator.
999 _c305748
_d305748